000 00519nam a2200205Ia 4500
003 OSt
005 20221007112238.0
006 a|||||r|||| 00| 0
007 ta
008 221006b |||||||| |||| 00| 0 eng d
024 _a25,628
037 _cBound Volume
040 _aLCO
_cLCO
_beng
041 _2eng
_aeng
245 0 _aCCONSUMER PROTECTION JUDGMENTS
260 _aNew
_bDelhi D.L.T. publication India
_c1991
490 _v2 -2009
942 _cCR
999 _c1195191
_d1195191